| 000 | 01154cam a22002651i 4500 | ||
|---|---|---|---|
| 003 | OSt | ||
| 005 | 20260316134651.0 | ||
| 008 | 260120s1931 ua g 000 0 ara c | ||
| 040 |
_aSA-MaUQU _bara _cSA-RiAUC _erda |
||
| 082 | 0 | 4 | _a214 |
| 090 |
_aم ن 214 _bز ر ن |
||
| 100 | 1 |
_aالزرنوجي، إبراهيم، _dتوفي حوالي 610 هجري _eمؤلف. |
|
| 245 | 1 | 0 |
_aتعليم المتعلم طريق التعلم / _cتأليف الإمام برهان الإسلام الزرنوجي ؛ عني بشرحه وضبط ألفاظه عبد العزيز صقر شاهين. |
| 264 | 1 |
_aمصر : _bالمكتبة التجارية الكبرى، _c1931 |
|
| 264 | 3 |
_aمصر : _bالمطبعة الرحمانية |
|
| 300 |
_a79 صفحة ؛ _c29 سم |
||
| 336 |
_aنص _btxt _2rdacontent _3كتاب |
||
| 337 |
_aبدون وسيط _bn _2rdamedia |
||
| 338 |
_aمجلد _bnc _2rdacarrier |
||
| 650 | 7 |
_aالتربية الإسلامية _2aucsh |
|
| 650 | 7 |
_aآداب طالب العلم _2aucsh |
|
| 700 | 1 |
_aشاهين، عبد العزيز صقر _eشارح. |
|
| 942 |
_2ddc _cRBOOK COPY _n0 |
||
| 949 |
_aSA-JeALM _d260120 _umohamedma123 _n1 |
||
| 999 |
_c14642 _d14642 |
||